000
00322nam a2200133Ia 4500
008
240624s9999 xx 000 0 und d
041
_a
eng
082
_a
823 DAR
100
_a
DARE TESSA
245
_a
SURRENDER OF A SIREN
260
_c
2009
_a
New York
_b
Ballantine Books
300
_a
393 : p. : cm. ; 17
365
_c
_b
20
999
_c
13782
_d
13782